00480nam a2200181 a 450000100060000000300090000600800410001504000280005608200160008410000280010024500270012826000400015530000110019549000230020665000270022965000180025665000240027412239CO-ViMGA141112s2004 ck r 000 u spa d aCO-ViMGAbspacCO-ViMGA04a306.3 C657a1 aComas d'Argemir, Dolors10aAntropologia economica aBarcelona, cEd. Ariel S.A., c1998 a238 p. aAriel Antropologia14aANTROPOLOGIA ECONOMICA14aGLOBALIZACION14aSISTEMAS ECONOMICOS